| 000 | 01076cam a2200265 a 4500 | ||
|---|---|---|---|
| 999 |
_c9959 _d9959 |
||
| 001 | 3523346 | ||
| 003 | OSt | ||
| 005 | 20210205151737.0 | ||
| 008 | 960327s1996 nyua 000 0 eng | ||
| 010 | _a 96007936 | ||
| 020 | _a039304050X | ||
| 040 |
_aDLC _cDLC _dDLC |
||
| 043 | _an-us-ca | ||
| 050 | 0 | 0 |
_aKF224.S485 _bB931O |
| 082 | 0 | 0 |
_a364.1/523/0979494 _220 _bB931O |
| 100 | 1 | _aBugliosi, Vincent. | |
| 245 | 1 | 0 |
_aOutrage : _bthe five reasons why O.J. Simpson got away with murder / _cVincent Bugliosi. |
| 260 |
_aNew York : _bW.W. Norton & Co., _cc1996. |
||
| 300 |
_a356 p. : _bill. ; _c25 cm. |
||
| 600 | 1 | 0 |
_aSimpson, O. J., _d1947- _xTrials, litigation, etc. |
| 650 | 0 |
_aTrials (Murder) _zCalifornia _zLos Angeles. |
|
| 906 |
_a7 _bcbc _corignew _d1 _eocip _f19 _gy-gencatlg |
||
| 942 |
_2ddc _cBK |
||